[Event "Barcelona La Lira op 39th"]
[Site "Barcelona"]
[Date "2023.03.10"]
[Round "8"]
[White "Ramos Alvarez, Maximo"]
[Black "Garcia Miralles, Eduard"]
[Result "1/2-1/2"]
[WhiteElo "1795"]
[BlackElo "1579"]
[PlyCount "65"]
[EventDate "2023.01.20"]
[EventType "swiss"]
[EventRounds "8"]
[EventCountry "ESP"]
[SourceTitle "CBM 213 Extra"]
[Source "ChessBase"]
[SourceDate "2023.05.31"]
[SourceVersion "1"]
[SourceVersionDate "2023.05.31"]
[SourceQuality "1"]

1. d4 Nf6 2. c4 e5 3. dxe5 Ng4 4. e4 Nxe5 5. f4 Nec6 6. Nc3 Bc5 7. Qg4 0-0 8. f5 Nb4 9. Kd1 N8c6 10. a3 Ne5 11. Qg3 Nbc6 12. Nf3 Nxf3 13. gxf3 a6 14. Nd5 f6 15. Qxc7 b6 16. Qxd8 Rxd8 17. Be3 d6 18. Rg1 Kf7 19. Bxc5 dxc5 20. Rc1 Nd4 21. Rc3 Rb8 22. f4 Kf8 23. Rcg3 Rd7 24. Bd3 b5 25. e5 bxc4 26. Nxf6 cxd3 27. Nxd7+ Bxd7 28. Rxg7 Ba4+ 29. Kd2 Rxb2+ 30. Kxd3 Bb5+ 31. Ke4 Bc6+ 32. Kd3 Bb5+ 33. Ke4 1/2-1/2

[Event "Barcelona La Lira op 38th"]
[Site "Barcelona"]
[Date "2020.02.21"]
[Round "6"]
[White "Ramos Alvarez, Maximo"]
[Black "Escribano Rodriguez, Pedro"]
[Result "1/2-1/2"]
[WhiteElo "1828"]
[BlackElo "1915"]
[PlyCount "62"]
[EventDate "2020.01.17"]
[EventType "swiss"]
[EventRounds "8"]
[EventCountry "ESP"]
[SourceTitle "CBM 195 Extra"]
[Source "ChessBase"]
[SourceDate "2020.05.31"]
[SourceVersion "1"]
[SourceVersionDate "2020.05.31"]
[SourceQuality "1"]

1. d4 Nf6 2. Bg5 Ne4 3. Bf4 d5 4. f3 Nf6 5. c4 e6 6. c5 Nh5 7. Be3 Be7 8. Nc3 f5 9. Bf2 0-0 10. e4 dxe4 11. fxe4 Nf6 12. exf5 Kh8 13. fxe6 Bxe6 14. Be2 Nd5 15. Nxd5 Bxd5 16. Nf3 Nc6 17. 0-0 Bf6 18. Ne1 Bh4 19. Bf3 Bc4 20. Bxh4 Qxh4 21. Rf2 Nxd4 22. Rd2 Rad8 23. b3 Ne2+ 24. Kh1 Ng3+ 25. Kg1 Ne2+ 26. Kh1 Qf2 27. Nd3 Bxd3 28. Rxd3 Rxd3 29. Qxd3 Nf4 30. Qe4 Nh3 31. gxh3 Qxf3+ 1/2-1/2

[Event "Barcelona Sant Marti op 9th"]
[Site "Barcelona"]
[Date "2020.02.20"]
[Round "6"]
[White "Ramos Alvarez, Maximo"]
[Black "Perez Pastora, Evaristo"]
[Result "0-1"]
[WhiteElo "1828"]
[BlackElo "2102"]
[PlyCount "102"]
[EventDate "2020.01.16"]
[EventType "swiss"]
[EventRounds "9"]
[EventCountry "ESP"]
[SourceTitle "CBM 195 Extra"]
[Source "ChessBase"]
[SourceDate "2020.05.31"]
[SourceVersion "1"]
[SourceVersionDate "2020.05.31"]
[SourceQuality "1"]

1. d4 d5 2. Bg5 Nd7 3. e3 Ngf6 4. Nd2 a6 5. Bd3 e5 6. c3 e4 7. Bc2 h6 8. Bh4 Bd6 9. f3 exf3 10. Qxf3 0-0 11. g4 Re8 12. 0-0-0 Qe7 13. Re1 g5 14. Bf2 Ne4 15. Nxe4 dxe4 16. Qg2 Nf6 17. h4 Nxg4 18. hxg5 Qxg5 19. Nh3 Qg6 20. Reg1 f5 21. Be1 Be6 22. Nf2 h5 23. Rh3 Kg7 24. Kb1 Rh8 25. Nh1 Kf7 26. Qe2 b5 27. Rf1 Ke7 28. Bh4+ Kd7 29. Bg3 Bxg3 30. Rxg3 Bc4 31. Qe1 Bxf1 32. Qxf1 h4 33. Rh3 Qg5 34. c4 Rab8 35. cxb5 axb5 36. Nf2 Rhf8 37. Qe1 Nxf2 38. Qxf2 f4 39. Rxh4 fxe3 40. Rh7+ Ke8 41. Qe1 Qf5 42. Rh1 Qf2 43. Qc3 Kd8 44. Qc6 e2 45. Qd5+ Kc8 46. Qe6+ Kb7 47. Qd5+ Ka6 48. Rh6+ Rb6 49. a4 e1Q+ 50. Ka2 Qa5 51. Bxe4 Qxa4+ 0-1

[Event "Barcelona Sant Marti op 9th"]
[Site "Barcelona"]
[Date "2020.02.13"]
[Round "5"]
[White "Ramos Alvarez, Maximo"]
[Black "Perez Garcia, Adria"]
[Result "1-0"]
[WhiteElo "1828"]
[BlackElo "2174"]
[PlyCount "67"]
[EventDate "2020.01.16"]
[EventType "swiss"]
[EventRounds "9"]
[EventCountry "ESP"]
[SourceTitle "CBM 195 Extra"]
[Source "ChessBase"]
[SourceDate "2020.05.31"]
[SourceVersion "1"]
[SourceVersionDate "2020.05.31"]
[SourceQuality "1"]

1. d4 Nf6 2. Bg5 d5 3. Nd2 c6 4. e3 g6 5. Bxf6 exf6 6. Bd3 Bd6 7. c3 0-0 8. f4 Re8 9. Qf3 Qe7 10. Kf2 Bg4 11. Qg3 h5 12. Re1 c5 13. h3 Bd7 14. Qf3 cxd4 15. cxd4 Nc6 16. Ne2 Nb4 17. Bb1 Rac8 18. Nc3 Bc6 19. f5 h4 20. Nf1 g5 21. g3 hxg3+ 22. Nxg3 Kg7 23. Nh5+ Kh6 24. h4 g4 25. Qxg4 Rg8 26. Qf3 Rce8 27. a3 Na6 28. b4 Nc7 29. Bc2 Bd7 30. e4 Qd8 31. Bd1 dxe4 32. Nxe4 Bc6 33. Qe3+ Kh7 34. Nexf6+ 1-0

[Event "Barcelona Sant Marti op 9th"]
[Site "Barcelona"]
[Date "2020.01.16"]
[Round "1"]
[White "Sumed Castillo, Alejandro"]
[Black "Ramos Alvarez, Maximo"]
[Result "0-1"]
[WhiteElo "1466"]
[BlackElo "1828"]
[PlyCount "105"]
[EventDate "2020.01.16"]
[EventType "swiss"]
[EventRounds "9"]
[EventCountry "ESP"]
[SourceTitle "CBM 195 Extra"]
[Source "ChessBase"]
[SourceDate "2020.05.31"]
[SourceVersion "1"]
[SourceVersionDate "2020.05.31"]
[SourceQuality "1"]

1. d4 Nf6 2. Nf3 g6 3. Bf4 Bg7 4. e3 d6 5. h3 0-0 6. Be2 Nc6 7. 0-0 e5 8. dxe5 Ne4 9. c3 dxe5 10. Bh2 Qe7 11. Nbd2 Rd8 12. Qc2 Nd6 13. Rae1 Be6 14. b4 e4 15. Bxd6 Rxd6 16. Nxe4 Bf5 17. Nfd2 Rxd2 18. Qxd2 Rd8 19. Qb2 Bxe4 20. f3 Bd3 21. e4 Bxe2 22. Rxe2 Rd3 23. Rc2 Ne5 24. Qc1 Nc4 25. Re1 Qh4 26. f4 Qg3 27. e5 Bh6 28. Rf2 Bf8 29. Rc2 b5 30. Re4 c5 31. e6 fxe6 32. Rxe6 cxb4 33. cxb4 Ne3 34. Rxe3 Rxe3 35. Rf2 Rc3 36. Qe1 Qe3 37. Qxe3 Rxe3 38. Rb2 Re4 39. g3 Bxb4 40. Rc2 Rc4 41. Re2 Rd4 42. Rc2 Rd1+ 43. Kg2 Rd2+ 44. Rxd2 Bxd2 45. Kf3 Kf7 46. Ke2 Bb4 47. Kd3 Bc5 48. Ke4 Ke6 49. g4 a5 50. Kd3 Kd5 51. h4 Bd6 52. f5 gxf5 53. gxf5 0-1

[Event "Cornella de Llobregat op 7th"]
[Site "Cornella de Llobregat"]
[Date "2019.10.14"]
[Round "2"]
[White "Avila Jimenez, Xavier"]
[Black "Ramos Alvarez, Maximo"]
[Result "1-0"]
[WhiteElo "2200"]
[BlackElo "1830"]
[PlyCount "73"]
[EventDate "2019.10.07"]
[EventType "swiss"]
[EventRounds "9"]
[EventCountry "ESP"]
[SourceTitle "CBM 193 Extra"]
[Source "ChessBase"]
[SourceDate "2020.01.31"]
[SourceVersion "1"]
[SourceVersionDate "2020.01.31"]
[SourceQuality "1"]

1. d4 d5 2. c4 dxc4 3. e3 Nf6 4. Bxc4 e6 5. Nf3 c5 6. 0-0 Nc6 7. Qe2 Be7 8. Rd1 cxd4 9. exd4 0-0 10. Nc3 a6 11. a4 Qc7 12. Bg5 Rd8 13. Rac1 h6 14. Bh4 Qf4 15. Bg3 Qg4 16. h3 Qh5 17. Ne4 Nxe4 18. Qxe4 Bf6 19. Bc7 Rd7 20. g4 Qg6 21. Qxg6 fxg6 22. Bxe6+ Kf8 23. Bxd7 Bxd7 24. d5 Nd8 25. b3 Nf7 26. Bf4 Bd8 27. Ne5 Nxe5 28. Bxe5 h5 29. f3 Kf7 30. Kg2 Kf8 31. Rd4 b5 32. Bd6+ Kg8 33. Re4 Kf7 34. Rf4+ Kg8 35. Rf8+ Kh7 36. Be7 Bxe7 37. Rxa8 1-0

[Event "Barcelona La Lira op 12th"]
[Site "Barcelona"]
[Date "2019.06.06"]
[Round "9"]
[White "Ramos Alvarez, Maximo"]
[Black "Corominas Garrido, Jordi"]
[Result "1/2-1/2"]
[WhiteElo "1817"]
[BlackElo "1750"]
[PlyCount "96"]
[EventDate "2019.04.04"]
[EventType "swiss"]
[EventRounds "9"]
[EventCountry "ESP"]
[SourceTitle "CBM 190 Extra"]
[Source "ChessBase"]
[SourceDate "2019.07.15"]
[SourceVersion "1"]
[SourceVersionDate "2019.07.15"]
[SourceQuality "1"]

1. e4 e6 2. d4 d5 3. Nc3 Nf6 4. Bg5 Bb4 5. e5 h6 6. Be3 Ne4 7. Qg4 g6 8. a3 Bxc3+ 9. bxc3 h5 10. Qf3 b6 11. Bd3 Bb7 12. Ne2 Nd7 13. h4 c5 14. Bb5 Rc8 15. Rc1 cxd4 16. cxd4 a6 17. Bd3 b5 18. Bxe4 dxe4 19. Qg3 Qa5+ 20. Bd2 Qa4 21. Bb4 Nb6 22. Qg5 Nd5 23. Bd6 Qa5+ 24. c3 Qd8 25. Qg3 Ne7 26. Bxe7 Qxe7 27. Nf4 Kf8 28. 0-0 Qxa3 29. d5 Bxd5 30. Nxd5 exd5 31. e6 Qe7 32. exf7 Kxf7 33. f3 Kg7 34. f4 Rhf8 35. f5 Rc6 36. Rcd1 Rd8 37. f6+ Rxf6 38. Rxf6 Kxf6 39. Qg5+ Ke6 40. Qxg6+ Qf6 41. Qxh5 Qxc3 42. Qg4+ Ke7 43. Rf1 Rf8 44. Qg5+ Rf6 45. Qg7+ Ke6 46. Qg8+ Ke7 47. Qg7+ Ke6 48. Qg8+ Ke7 1/2-1/2

[Event "Barcelona La Lira op 12th"]
[Site "Barcelona"]
[Date "2019.04.11"]
[Round "2"]
[White "Ramos Alvarez, Maximo"]
[Black "Cabrera Marmol, Manel"]
[Result "1-0"]
[WhiteElo "1817"]
[BlackElo "1653"]
[PlyCount "57"]
[EventDate "2019.04.04"]
[EventType "swiss"]
[EventRounds "9"]
[EventCountry "ESP"]
[SourceTitle "CBM 190 Extra"]
[Source "ChessBase"]
[SourceDate "2019.07.15"]
[SourceVersion "1"]
[SourceVersionDate "2019.07.15"]
[SourceQuality "1"]

1. d4 d5 2. c4 c6 3. Nc3 Nf6 4. Nf3 e6 5. Bg5 dxc4 6. e4 b5 7. e5 h6 8. Bh4 g5 9. Nxg5 hxg5 10. Bxg5 Nbd7 11. g3 Bb7 12. exf6 Qb6 13. Bg2 0-0-0 14. 0-0 Ne5 15. Be3 c5 16. dxc5 Bxc5 17. Bxc5 Qxc5 18. Bxb7+ Kxb7 19. Qe2 Rd3 20. Qe4+ Kb8 21. Kg2 Nf3 22. h4 a6 23. Rad1 Nd2 24. Qf4+ e5 25. Qf5 Nxf1 26. Rxf1 Qc6+ 27. Ne4 Rd4 28. Qxe5+ Ka8 29. Qxd4 1-0

[Event "Barcelona La Lira op 37th"]
[Site "Barcelona"]
[Date "2019.03.01"]
[Round "7"]
[White "Ramos Alvarez, Maximo"]
[Black "Tortosa Moros, Joan"]
[Result "1-0"]
[WhiteElo "1838"]
[BlackElo "1694"]
[PlyCount "85"]
[EventDate "2019.01.18"]
[EventType "swiss"]
[EventRounds "8"]
[EventCountry "ESP"]
[SourceTitle "CBM 189 Extra"]
[Source "ChessBase"]
[SourceDate "2019.05.31"]
[SourceVersion "1"]
[SourceVersionDate "2019.05.31"]
[SourceQuality "1"]

1. d4 Nf6 2. Bg5 e6 3. e4 Be7 4. e5 Nd5 5. Bd2 c5 6. c4 Nc7 7. dxc5 Bxc5 8. Qg4 Bf8 9. Nc3 Nc6 10. f4 Nd4 11. 0-0-0 h5 12. Qh3 b6 13. Nge2 Nxe2+ 14. Bxe2 Bb7 15. Be1 g5 16. Bf3 Bxf3 17. Qxf3 f5 18. g3 g4 19. Qg2 Qc8 20. Bf2 Na6 21. Kb1 Qc6 22. Qf1 Nc7 23. h3 Bb4 24. Bd4 Bxc3 25. Bxc3 b5 26. hxg4 fxg4 27. Rd4 a5 28. Rh2 b4 29. Be1 Qc5 30. Bf2 Qe7 31. Qd3 Qh7 32. Re4 Rc8 33. Ka1 Na6 34. Qe2 Nc5 35. Bxc5 Rxc5 36. Rh1 a4 37. Re3 Kf7 38. f5 Rhc8 39. fxe6+ Kxe6 40. Re4 a3 41. Qd3 axb2+ 42. Kxb2 R8c6 43. Rd4 1-0

[Event "Barcelona La Lira op 37th"]
[Site "Barcelona"]
[Date "2019.02.15"]
[Round "5"]
[White "Ramos Alvarez, Maximo"]
[Black "Martinez Hernandez, Emili"]
[Result "1/2-1/2"]
[WhiteElo "1838"]
[BlackElo "1729"]
[PlyCount "70"]
[EventDate "2019.01.18"]
[EventType "swiss"]
[EventRounds "8"]
[EventCountry "ESP"]
[SourceTitle "CBM 189 Extra"]
[Source "ChessBase"]
[SourceDate "2019.05.31"]
[SourceVersion "1"]
[SourceVersionDate "2019.05.31"]
[SourceQuality "1"]

1. e4 e6 2. d4 d5 3. Nd2 dxe4 4. Nxe4 Nf6 5. Nxf6+ Qxf6 6. Bd3 Nc6 7. Nf3 h6 8. 0-0 Bd6 9. Re1 0-0 10. c3 e5 11. Qe2 Bf5 12. dxe5 Nxe5 13. Nxe5 Bxe5 14. Bxf5 Rfe8 15. Bf4 Bd6 16. Qxe8+ Rxe8 17. Rxe8+ Bf8 18. Bxc7 Qxf5 19. Bd6 Qc2 20. Bxf8 Kh7 21. Ba3 Kg6 22. Rae1 b5 23. R8e2 Qa4 24. Re4 Qc2 25. g3 a5 26. Kg2 Qd3 27. Bc5 Qd5 28. f3 Qxc5 29. Re5 Qc4 30. a3 Qd3 31. Kf2 Qc4 32. h4 Qd3 33. Re7 Qf5 34. R7e5 Qd3 35. R5e3 Qf5 1/2-1/2

[Event "Barcelona Sant Marti op 8th"]
[Site "Barcelona"]
[Date "2019.01.24"]
[Round "2"]
[White "Sanchez Cozar Valero, Juan"]
[Black "Ramos Alvarez, Maximo"]
[Result "1-0"]
[WhiteElo "1952"]
[BlackElo "1838"]
[PlyCount "57"]
[EventDate "2019.01.17"]
[EventType "swiss"]
[EventRounds "9"]
[EventCountry "ESP"]
[SourceTitle "CBM 189 Extra"]
[Source "ChessBase"]
[SourceDate "2019.05.31"]
[SourceVersion "1"]
[SourceVersionDate "2019.05.31"]
[SourceQuality "1"]

1. e4 c5 2. Nf3 d6 3. d4 cxd4 4. Nxd4 Nf6 5. Nc3 a6 6. Bc4 e6 7. Bb3 Nbd7 8. Bg5 Nc5 9. 0-0 Be7 10. Qe1 Nxb3 11. axb3 e5 12. Bxf6 gxf6 13. Nf5 Bxf5 14. exf5 d5 15. Rd1 Bb4 16. Qe3 d4 17. Qe4 Qd6 18. Qxb7 Rb8 19. Qf3 Rc8 20. Ne4 Qc6 21. c3 dxc3 22. bxc3 Be7 23. Qg4 Kf8 24. Rd3 Rg8 25. Qh4 Rg7 26. Rfd1 Kg8 27. Rd7 Re8 28. Rxe7 Rxe7 29. Rd8+ 1-0

[Event "Barcelona Primavera La Lira op 11th"]
[Site "Barcelona"]
[Date "2018.05.03"]
[Round "4"]
[White "Perolet Perez, Miquel"]
[Black "Ramos Alvarez, Maximo"]
[Result "0-1"]
[WhiteElo "1709"]
[BlackElo "1916"]
[PlyCount "54"]
[EventDate "2018.04.12"]
[EventType "swiss"]
[EventRounds "9"]
[EventCountry "ESP"]
[SourceTitle "CBM 184 Extra"]
[Source "ChessBase"]
[SourceDate "2018.06.28"]
[SourceVersion "1"]
[SourceVersionDate "2018.06.28"]
[SourceQuality "1"]

1. d4 c5 2. e3 Nf6 3. c3 Qc7 4. Nf3 d6 5. Nbd2 Bf5 6. Bb5+ Nbd7 7. 0-0 e5 8. dxe5 dxe5 9. Qa4 e4 10. Ng5 Bd6 11. g3 0-0 12. Ngxe4 Be7 13. Bd3 Bh3 14. Rd1 Ng4 15. Nf3 Nge5 16. Ne1 Nxd3 17. Rxd3 Ne5 18. Rd5 Bd7 19. Qc2 Bc6 20. Rd1 Rad8 21. f4 Bxe4 22. Qxe4 Rxd1 23. fxe5 Rxe1+ 24. Kf2 Rd1 25. Qf3 Rfd8 26. Qe4 Qd7 27. b3 Qh3 0-1

[Event "Barcelona La Lira op 36th"]
[Site "Barcelona"]
[Date "2018.01.26"]
[Round "2.8"]
[White "Bieg Pagel, Clemens"]
[Black "Ramos Alvarez, Maximo"]
[Result "1-0"]
[WhiteElo "1785"]
[BlackElo "1864"]
[PlyCount "65"]
[EventDate "2018.01.19"]
[EventType "swiss"]
[EventRounds "8"]
[EventCountry "ESP"]
[SourceTitle "EXT 2024"]
[Source "ChessBase"]
[SourceDate "2023.10.10"]
[SourceVersion "1"]
[SourceVersionDate "2023.10.10"]
[SourceQuality "1"]

1. e4 c5 2. Nf3 g6 3. d4 cxd4 4. Nxd4 Nc6 5. c4 Bg7 6. Be3 Nf6 7. Nc3 Ng4 8. Qxg4 Nxd4 9. Qd1 Nc6 10. Qd2 Bxc3 11. Qxc3 Qa5 12. Bd2 Qxc3 13. Bxc3 0-0 14. Be2 d6 15. f4 Bd7 16. g4 Nd8 17. f5 Bc6 18. Bd3 f6 19. g5 fxg5 20. Rg1 Nf7 21. fxg6 hxg6 22. Ke2 e5 23. Ke3 Kg7 24. Raf1 Rh8 25. Rf2 Bd7 26. c5 Rh3+ 27. Kd2 Be6 28. cxd6 Rd8 29. Rgf1 Rxd6 30. Rxf7+ Bxf7 31. Bxe5+ Kg8 32. Bxd6 Bxa2 33. Ra1 1-0